00471nam a2200181Ia 4500003000900000008004100009040001600050080001600066100001600082245004800098250001200146260002900158300001300187650002100200650003100221650002100252700001600273IN-BaIIA211028s9999 xx 000 0 eng d cIIA Library a629.01bBLA aBlack, P. H 0aMachine designcP. H. Black and O. E. Adams a3rd ed. aTokyobMcGraw-Hillc1968 av, 678p. a Machine design a Mechanical engineering  aNASA thesaurus  aAdams, O. E